| 000 | 00787nam a2200229Ia 4500 | ||
|---|---|---|---|
| 001 | 11303 | ||
| 003 | GE_BSU | ||
| 008 | 181216s||||||||xx |||||||||||||| ||und|| | ||
| 040 | _cGE_BSU | ||
| 080 | _a55(075.8) | ||
| 100 | _aგუჯაბიძე გ. | ||
| 245 | _aზოგადი გეოლოგია | ||
| 245 | _bსახელმძღვ. გეოლოგიის სპეც. სტუდენტებისათვის | ||
| 245 | _cრედ: ალ. ქებულაძე | ||
| 260 | _aთბილისი | ||
| 260 | _bგანათლება | ||
| 260 | _c1976 | ||
| 300 | _a389გვ.22სმ. | ||
| 300 | _eილ. საძიებლები გვ. 369–382 | ||
| 653 | _aზოგადი გეოლოგია | ||
| 942 | _cBK | ||
| 999 |
_c44505 _d44505 |
||